Surveiller et punir : naissance de la prison

Αποθηκεύτηκε σε:
Λεπτομέρειες βιβλιογραφικής εγγραφής
Κύριος συγγραφέας: Foucault, Michel, 1926-1984
Μορφή: Βιβλίο
Γλώσσα:French
Δημοσίευση: Paris : Gallimard, 1975.
Σειρά:Bibliotheque des histoires
Θέματα:
Ετικέτες: Προσθήκη ετικέτας
Δεν υπάρχουν, Καταχωρήστε ετικέτα πρώτοι!

MARC

LEADER 00000cam a2200000 i 4500
001 1/5484
008 000606s1975 fr | ||| |||| ||fre||
035 |l 10061599 
040 |a GR-MyUa  |b gre  |e AACR2 
041 0 |a fre 
082 7 |a 365   |2 (22) 
100 1 |a Foucault, Michel,   |d 1926-1984. 
245 1 0 |a Surveiller et punir :   |b naissance de la prison /   |c Michel Foucault.  
260 |a Paris :   |b Gallimard,   |c 1975.  
300 |a 218 σ. ;   |c 23 εκ. 
490 1 |a (Bibliotheque des histoires) 
650 0 |a Prisons. 
650 0 |a Prison discipline. 
650 0 |a Punishment. 
767 0 8 |i Μεταφρασμένο ως:   |t Επιτήρηση και τιμωρία :  
767 0 8 |i Μεταφρασμένο ως:   |t Discipline and punish :  
767 0 8 |i Μεταφρασμένο ως:   |t Επιτήρηση και τιμωρία :  
830 0 |a Bibliotheque des histoires 
852 |a INST  |b RHODES  |e 20000606  |h 365 FOU  |p 005400000292  |q 005400000292  |t BK  |y 0 
922 |a 4ΔΩΡ  |b 198702  |c ΔΩΡΕΑ 
970 |a Κουλακιότη  |b Λίτσα  |z 06/06/2000